000 00336nam a2200145Ia 4500
008 181130s2018 xx 000 0 und d
100 _aChatterji, Moushumi
245 _aA people's museum 'beyond the wall'
260 _c2018
300 _ap.64-68.
504 _dMay
650 _aMuseums
773 _aSeminar
906 _aMuseums
999 _c506562
_d506562